000 00315nam a2200133Ia 4500
100 _aGosk/Earl/ Johnsonbaugn/R
942 _cBK
654 _apattern recognition
245 _aPattern recognition and image analysis
260 _bPrentice Hall
_c2003
082 _a6.4
_bGOS
300 _a484
546 _aENGLISH
999 _c24656
_d24656